<?xml version="1.0" encoding="UTF-8"?>
<collection xmlns="http://www.loc.gov/MARC21/slim">
 <record>
  <leader>01556nam a2200325 a 4500</leader>
  <controlfield tag="001">5431</controlfield>
  <controlfield tag="003">BD-DhAAL</controlfield>
  <controlfield tag="005">20231018142918.0</controlfield>
  <controlfield tag="008">090913s1993    bg       b    000 0 eng d</controlfield>
  <datafield tag="010" ind1=" " ind2=" ">
   <subfield code="a">   93907084 </subfield>
  </datafield>
  <datafield tag="020" ind1=" " ind2=" ">
   <subfield code="a">9840512242 :</subfield>
   <subfield code="c">Tk235.00</subfield>
  </datafield>
  <datafield tag="040" ind1=" " ind2=" ">
   <subfield code="a">DLC</subfield>
   <subfield code="c">DLC</subfield>
   <subfield code="d">DLC</subfield>
   <subfield code="d">BD-DhAAL</subfield>
  </datafield>
  <datafield tag="082" ind1="0" ind2="0">
   <subfield code="a">371.97</subfield>
  </datafield>
  <datafield tag="100" ind1="1" ind2=" ">
   <subfield code="a">Quader, Dil Afroze.</subfield>
   <subfield code="9">55579</subfield>
  </datafield>
  <datafield tag="245" ind1="1" ind2="0">
   <subfield code="a">Learning in deprivation /</subfield>
   <subfield code="c">Dil Afroze Quader.</subfield>
  </datafield>
  <datafield tag="260" ind1=" " ind2=" ">
   <subfield code="a">Dhaka, Bangladesh :</subfield>
   <subfield code="b">University Press,</subfield>
   <subfield code="c">c1993.</subfield>
  </datafield>
  <datafield tag="300" ind1=" " ind2=" ">
   <subfield code="a">163 pages ;</subfield>
   <subfield code="c">22 cm.</subfield>
  </datafield>
  <datafield tag="504" ind1=" " ind2=" ">
   <subfield code="a">Includes bibliographical references (pages [154]-163).</subfield>
  </datafield>
  <datafield tag="520" ind1=" " ind2=" ">
   <subfield code="a">Study conducted on the Bangladeshi school students in the United Kingdom.</subfield>
  </datafield>
  <datafield tag="526" ind1=" " ind2=" ">
   <subfield code="a">BIED</subfield>
  </datafield>
  <datafield tag="541" ind1="1" ind2=" ">
   <subfield code="a">Complimentary copy from BIED</subfield>
   <subfield code="e">5431, 41769</subfield>
  </datafield>
  <datafield tag="650" ind1=" " ind2="0">
   <subfield code="a">Bangladeshis</subfield>
   <subfield code="x">Education (Secondary)</subfield>
   <subfield code="z">England</subfield>
   <subfield code="z">London</subfield>
   <subfield code="x">Case studies.</subfield>
   <subfield code="9">55580</subfield>
  </datafield>
  <datafield tag="650" ind1=" " ind2="0">
   <subfield code="a">English language</subfield>
   <subfield code="x">Study and teaching (Secondary)</subfield>
   <subfield code="z">England</subfield>
   <subfield code="z">London</subfield>
   <subfield code="x">Bengali speakers</subfield>
   <subfield code="x">Case studies.</subfield>
   <subfield code="9">55581</subfield>
  </datafield>
  <datafield tag="650" ind1=" " ind2="0">
   <subfield code="a">Education.</subfield>
  </datafield>
  <datafield tag="650" ind1=" " ind2="0">
   <subfield code="a">Second language acquisition</subfield>
   <subfield code="x">Case studies.</subfield>
   <subfield code="9">55582</subfield>
  </datafield>
  <datafield tag="852" ind1="4" ind2=" ">
   <subfield code="a">Ayesha Abed Library </subfield>
   <subfield code="c">General Stacks</subfield>
  </datafield>
  <datafield tag="942" ind1="0" ind2="0">
   <subfield code="2">ddc</subfield>
   <subfield code="c">BK</subfield>
  </datafield>
  <datafield tag="999" ind1=" " ind2=" ">
   <subfield code="c">4124</subfield>
   <subfield code="d">4124</subfield>
  </datafield>
  <datafield tag="952" ind1=" " ind2=" ">
   <subfield code="0">0</subfield>
   <subfield code="1">0</subfield>
   <subfield code="2">ddc</subfield>
   <subfield code="4">0</subfield>
   <subfield code="6">371_970000000000000_QUA_1993</subfield>
   <subfield code="7">0</subfield>
   <subfield code="9">3798</subfield>
   <subfield code="a">BRACUL</subfield>
   <subfield code="b">BRACUL</subfield>
   <subfield code="c">GEN</subfield>
   <subfield code="d">2009-10-03</subfield>
   <subfield code="g">235.00</subfield>
   <subfield code="l">3</subfield>
   <subfield code="m">10</subfield>
   <subfield code="o">371.97 QUA</subfield>
   <subfield code="p">3010005431</subfield>
   <subfield code="r">2020-01-28</subfield>
   <subfield code="s">2019-11-19</subfield>
   <subfield code="t">1</subfield>
   <subfield code="v">470.00</subfield>
   <subfield code="w">2009-10-03</subfield>
   <subfield code="y">BK</subfield>
  </datafield>
  <datafield tag="952" ind1=" " ind2=" ">
   <subfield code="0">0</subfield>
   <subfield code="1">0</subfield>
   <subfield code="2">ddc</subfield>
   <subfield code="4">0</subfield>
   <subfield code="6">371_970000000000000_QUA</subfield>
   <subfield code="7">0</subfield>
   <subfield code="9">74451</subfield>
   <subfield code="a">BRACUL</subfield>
   <subfield code="b">BRACUL</subfield>
   <subfield code="c">GEN</subfield>
   <subfield code="d">2023-09-25</subfield>
   <subfield code="e">Complimentary copy from BIED</subfield>
   <subfield code="g">235.00</subfield>
   <subfield code="l">0</subfield>
   <subfield code="o">371.97 QUA</subfield>
   <subfield code="p">3010041769</subfield>
   <subfield code="r">2023-09-25</subfield>
   <subfield code="t">2</subfield>
   <subfield code="w">2023-09-25</subfield>
   <subfield code="y">BK</subfield>
   <subfield code="x">Transferred from BIED to General Stacks</subfield>
  </datafield>
 </record>
</collection>
